01085nlm0 22001931i 450 001001200000006001900012007001500031008004100046020001800087040000800105245006200113260001200175260001300187300001100200520041100211856009300622856009600715856008000811HARMA 41744m g0 d cr mn ---auama260430c go d fre  a9782872096916 bfre aLes droits de l'homme dans la région des Grands Lacs aParis : bAcademia a440 p. aPour que les droits de l'homme s'épanouissent et pour que les instruments juridiques y relatifs contribuent à pacifier les relations sociales et politiques à l'intérieur des États et entre les nations, une appropriation valorielle desdits instruments et des relectures locales et contextuelles s'imposent. C'est ici chose faite, au départ des réalités de la région des Grands Lacs.40uhttps://www.editions-harmattan.fr/catalogue/couv/9782872096916r.jpg2Image de couverture40uhttps://www.harmatheque.com/downloadebook/97828720969162Télécharger le livre au format PDF40uhttps://www.harmatheque.com/readebook/97828720969162Lire ce livre en ligne